01183cam a22003255a 45000010009000000050017000090080041000260200016000670200018000830400035001010820021001361000027001572450084001842600079002683000037003474900027003845000024004115210018004356300035004536500029004886500035005176500043005526510010005956530033006056550024006387000016006629420021006789990017006999520141007161092958020150812105420.0140901t2014 waua fr 001 0 eng d a0735679428  a9780735679429 aWaSeSSbengcWaSeSSdEG-ScBUE 04a005.756bLOB2221 aLobel, Leonard.93830310aMicrosoft Azure SQL database :bstep by step /cLeonard G. Lobel, Eric D. Boyd. aRedmond, Washington : bMicrosoft Press / Microsoft Corporation ,cc.2014. axxv, 370 p. : bill. ; c23 cm.0 aStep by Step Developer aIndex : p. 357-370. aIntermediate. 0a Microsoft Azure SQL Database  0aOnline databases.2BUEsh 0aCloud computing.2BUEsh937309 0aSQL (Computer program language)2BUEsh 2BUEsh bCOMSCIcJune2015cAugust2015 vreading book9342321 aBoyd, Eric. 2ddck005.756 LOB c19692d19664 00102ddc40708AlahramaMAINbMAINcLOWd2015-06-16epurchaseg299.00h324l0o005.756 LOBp000038680r2025-07-15 00:00:00v373.75yBB